Types of face-to-face contact in combination with correspondence education : a survey of the literature /

Saved in:
Bibliographic Details
Main Author: Wangdahl, Agneta
Format: Book
Language:English
Published: Lund : Dept. of Education, University of Lund, 1977.
Series:Pedagogical reports ; 1977:10.
Subjects:
LEADER 01202nam a2200301 i 4500
001 c000314048
003 CARM
005 00000000000000.0
008 780623s1977 sw b 00010 eng
015 |a S*** 
019 1 |a 1232950  |5 LACONCORD2021 
035 |a (OCoLC)4134868  |5 LACONCORD2021 
043 |a e-fi--- 
050 0 0 |a LC5955.F5  |b W3 
100 1 |a Wangdahl, Agneta. 
245 1 0 |a Types of face-to-face contact in combination with correspondence education :  |b a survey of the literature /  |c Agneta Wangdahl. 
260 |a Lund :  |b Dept. of Education, University of Lund,  |c 1977. 
300 |a 40 leaves ;  |c 30 cm. 
490 0 |a Pedagogical reports ;  |v 1977:10. 
500 |a "Project: two-way communication in correspondence education." 
504 |a Bibliography: leaves 35-39. 
650 0 |a Correspondence schools and courses  |z Finland. 
650 0 |a Teacher-student relationships. 
650 0 |a Interaction analysis in education. 
852 8 |b CARM  |h A3:AD07D0  |i F05563  |p 0472137  |f BK 
082 0 4 |a 374/.4471 
999 f f |i 27b2ecf4-29ac-5e9d-ab4f-3db568b3dee1  |s 88143936-264f-585c-b8be-b8b6795255d9 
952 f f |p Can circulate  |a CAVAL  |b CAVAL  |c CAVAL  |d CARM 1 Store  |e F05563  |f A3:AD07D0  |h Other scheme  |i book  |m 0472137